000 01033nam a22002897a 4500
001 002357
003 DO-SdBNP
005 20240906135025.0
007 002357
008 160511b2003 ar|| 00| 0 spa d
020 _a9509972568
040 _aBPMSU
_bspa
_cBPMSU
082 4 _a372.34
_bA387J 2003
_222
100 1 _4Rosa Gabriela Alfle
245 _aJugando con la computadora :
_by a conquistar el futuro /
_hRosa Gabriela Alfle ; dirección Marta Lucia Ghiglioni
260 _aSanto Domingo :
_bSantillana,
_c2014
300 _a144 p. :
_bil. ;
_c29 cm.
490 _aTodos juntos
500 _a
505 _tConozco más la computadora --
_tTrabajo en windwos --
_tEscribo textos en wordpad --
_tEmpiezo a dibujar con paint --
_tAprendo Word --
_t Utilizo la internet --
650 4 _aMateria Informática
_xEnseñanza preescolar
650 4 _aCreatividad educativa
700 1 _aBarone, Luis Roberto
_edirector
710 2 _aLexus Editores
910 _aVMateo V. Control de calidad. BPMSU
942 _2ddc
_cBK
999 _c14805
_d14805